Upacara perasmian bengkel pengurusan dan peningkatan profesionalisma pada 29 Feb. 1988 [
| Format: | Book |
|---|---|
| Published: |
Bang :
Inspen ,
1988
|
| Subjects: |
MARC
| LEADER | 00000cam a2200000 7i4500 | ||
|---|---|---|---|
| 001 | 0000017758 | ||
| 005 | 20061130.0 | ||
| 040 | |a INS | ||
| 090 | 0 | 0 | |a HD 30.4 1988 |
| 245 | 0 | 0 | |a Upacara perasmian bengkel pengurusan dan peningkatan profesionalisma pada 29 Feb. 1988 [ |h video recording] |
| 260 | |a Bang : |b Inspen , |c 1988 | ||
| 300 | |a 1 Video cassette (VHS) ( ) : |b sd., col. ; |c 1/2 in. | ||
| 650 | 0 | 0 | |a Management |x Programmed instruction |
| 999 | |a VHS107 |b VIDEO |c Media Collection |e Default branch | ||